Europe in the XIXth & XXth centuries, 1815-1939 /

Bibliographische Detailangaben
1. Verfasser: Lipson, E. (Ephraim), 1888-1960
Format: Buch
Sprache:English
Veröffentlicht: London : English Language Book Society, 1940 [reprinted 1963].
Ausgabe:Eight edition
Schlagworte:
Classic Catalogue: View this record in Classic Catalogue
LEADER 01428nam a22003251 4500
001 40475
003 BD-DhAAL
005 20230305114808.0
008 230305r19631940enkbc 000 0 eng d
010 |a a 41001029  
035 |a (OCoLC)1110351 
040 |a Queens Univ., Kingston, Ont. Library  |c OCU  |d OCoLC  |d DLC  |d BD-DhAAL 
050 0 0 |a D359  |b .L68 
082 |a 940.28 
100 1 |a Lipson, E.  |q (Ephraim),  |d 1888-1960.  |9 53778 
245 1 0 |a Europe in the XIXth & XXth centuries,  |n 1815-1939 /  |c E. Lipson. With twelve portraits and six maps. 
246 |a Europe in the 19th & 20th centuries 
250 |a Eight edition 
260 |a London :  |b English Language Book Society,  |c 1940 [reprinted 1963]. 
300 |a x, 504 pages :  |b ports., fold. maps. ;  |c 22 cm. 
500 |a "This book is an expansion of my Europe in the nineteenth century (1815-1914)"--Pref. 
500 |a Chapter IX also issued separately with title, "Europe, 1914-1939." 
504 |a Includes bibliographical references and index. 
541 |a Donated By Akbar Ali Khan  |e 40475 
651 0 |a Europe  |x History  |y 1789-1900. 
651 0 |a Europe  |x History  |y 20th century.  |9 7419 
852 |a Ayesha Abed Library  |c Akbar Ali Khan Collection 
942 |2 ddc  |c BK 
999 |c 45559  |d 45559 
952 |0 0  |1 0  |2 ddc  |4 0  |6 940_280000000000000_LIP  |7 1  |9 73330  |a BRACUL  |b BRACUL  |c AAKC  |d 2023-03-05  |e Donated By Akbar Ali Khan  |l 0  |o 940.28 LIP  |p 3010040475  |r 2023-03-05  |t 1  |w 2023-03-05  |y BK